000 02516nam0a2200433 4500
001 RU\NLR\bibl\798287
005 20250614124827.0
021 _aRU
_b2004-46612
_92304
035 _aRSL-KNO-002457182
035 _a(NLR Aleph) 000787479
090 _a1100676
_c1100676
100 _a20040804d2003 |||y0rusy50 ca
101 0 _arus
_deng
102 _aRU
105 _aa |||||||||
106 _ar
200 1 _aАппаратно-программный комплекс для измерения электрических статических параметров стриповых кремниевых детекторов
_fИ. А. Голутвин, В.С. Григорьев, В.Г. Данилевич [и др.]
210 _aДубна
_cОбъед. ин-т ядер. исслед.
_d2003
_eИздат. отд. Объед. ин-та ядер. исслед.
215 _a20, [1] с.
_cил., табл.
_d22
225 1 _aСообщения Объединенного института ядерных исследований
_vР13-2003-203
300 _aРез. на англ. яз.
320 _aБиблиогр. в конце кн.
606 1 _aДетекторы ядерного излучения кремниевые
_xПараметры
_xИзмерение
_xАппараты и приборы
_92377946
_3RU\NLR\auth\661418934
606 1 _aДетекторы ядерного излучения CMS
_92142747
_3RU\NLR\auth\661291298
606 1 _aCMS, детекторы ядерного излучения
_92142748
_3RU\NLR\auth\661291299
610 0 _aФизико - математические науки -- Физика -- Физика атомного ядра и элементарных частиц -- Экспериментальные методы и аппаратура -- Другие методы и аппаратура для регистрации и анализа ядерных излучений -- Полупроводниковые детекторы и спектрометры -- Применение ЭВМ
686 _aВ381.592c31,0
_2rubbk
686 _aВ381.582
686 _aВ381.1
701 1 _aГолутвин
_bИ. А.
_gИгорь Анатольевич
_4070
701 1 _aГригорьев
_bВ. С.
_4070
701 1 _aДанилевич
_bВ. Г.
_4070
801 0 _aRU
_bRuMoRKP
_c20040804
_grcr
801 1 _aRU
_bRuMoRGB
_c20040804
801 2 _aRU
_bNLR
_c20050513
_gPSBO
942 _cBOOK
980 _aNB
980 _aNBR